| 000 | 00749nam a22001937a 4500 | ||
|---|---|---|---|
| 005 | 20140702102739.0 | ||
| 010 | _aENG-109752 | ||
| 020 |
_a9788173816727 _c250.00 |
||
| 035 | _aEN-93285 | ||
| 037 | _bDBAD/PUB | ||
| 082 | _a485 | ||
| 100 | _aDas, P.C. | ||
| 245 | 0 | 0 |
_aApplied English grammar and composition : _cby P.C. Das _bAnglo-Hindi for high schools / |
| 260 |
_aKolkata _bNew Central Book Agency _c2012 |
||
| 270 |
_a8/1 Chintamoni Das Lane _bKolkata _e700009 |
||
| 300 |
_axv,700p. _c24cm(pbk) |
||
| 500 | _a | ||
| 942 |
_2ddc _cEN _mDAS _h485 |
||
| 999 |
_c83654 _d83654 |
||